Catálogo
 En Linea

Tratadis hipocráticos : (Registro nro. 24937)

Detalles MARC
000 -CABECERA
campo de control de longitud fija 01016nam a2200229 u 4500
001 - NÚMERO DE CONTROL
campo de control 000025445
005 - FECHA Y HORA DE LA ÚLTIMA TRANSACCIÓN
campo de control 20200930023807.0
008 - DATOS DE LONGITUD FIJA--INFORMACIÓN GENERAL
campo de control de longitud fija 110216s1986 sp r 000 0 spa d
020 ## - NÚMERO INTERNACIONAL ESTÁNDAR DEL LIBRO
Número Internacional Estándar del Libro 8424910192
040 ## - FUENTE DE LA CATALOGACIÓN
Centro catalogador/agencia de origen DO-SdBNP
Lengua de catalogación spa
Centro/agencia transcriptor BNPHU
082 ## - NÚMERO DE LA CLASIFICACIÓN DECIMAL DEWEY
Número de clasificación nn*
Número de documento/Ítem nn*
049 ## - FONDOS LOCALES (OCLC)
Fondos de biblioteca BNGR
245 00 - MENCIÓN DE TÍTULO
Título Tratadis hipocráticos :
Resto del título sobre la dieta - sobre las afecciones - apéndice a "sobre la dieta en las enfermedades agudas" - sobre el uso de los líquidos - sobre el alimento /
Mención de responsabilidad, etc. Introducciones, traducciones y notas de C. García Gual, J. Ma. Lucas de Dios, B. Cabellos Áñvarez e I. Rodríguez Alfageme.
260 ## - PUBLICACIÓN, DISTRIBUCIÓN, ETC.
Lugar de publicación, distribución, etc. Madrid :
Nombre del editor, distribuidor, etc. Gredos,
Fecha de publicación, distribución, etc. 1986.
300 ## - DESCRIPCIÓN FÍSICA
Extensión v. ;
Dimensiones 19 cm.
500 ## - NOTA GENERAL
Nota general Incluye referencias bibliográficas y notas al pie de las páginas.
500 ## - NOTA GENERAL
Nota general La biblioteca sólo posee el volumen 3.
700 1# - PUNTO DE ACCESO ADICIONAL--NOMBRE DE PERSONA
Nombre de persona García Gual, C.,
Término indicativo de función/relación introd.
9 (RLIN) 52051
700 1# - PUNTO DE ACCESO ADICIONAL--NOMBRE DE PERSONA
Nombre de persona Lucas de Dios, J. Ma.,
Término indicativo de función/relación introd.
9 (RLIN) 52052
700 1# - PUNTO DE ACCESO ADICIONAL--NOMBRE DE PERSONA
Nombre de persona Cabellos Álvarez, B.,
Término indicativo de función/relación introd.
9 (RLIN) 52053
700 1# - PUNTO DE ACCESO ADICIONAL--NOMBRE DE PERSONA
Nombre de persona Rodríguez Alfageme, I.,
Término indicativo de función/relación introd.
9 (RLIN) 52054
Existencias
Estado de retiro Estado de pérdida Restricciones de uso No para préstamo Código de colección Localización permanente Ubicación/localización actual Ubicación en estantería Fecha de adquisición Número de inventario Total de préstamos Signatura topográfica completa Código de barras Fecha visto por última vez Precio válido a partir de Tipo de ítem Koha
        Monografías: Libros y Folletos General General En catalogación 16.02.2011 LF1   v. 3 25445-10 25.06.2020 25.06.2020 Préstamo en sala

Con tecnología Koha